MARC details
| 000 -CABECERA |
| campo de control de longitud fija |
04148nam a2200421 a 4500 |
| 001 - NÚMERO DE CONTROL |
| campo de control |
000001765 |
| 003 - IDENTIFICADOR DEL NÚMERO DE CONTROL |
| campo de control |
DO-SdBNP |
| 005 - FECHA Y HORA DE LA ÚLTIMA TRANSACCIÓN |
| campo de control |
20260321073637.0 |
| 007 - CAMPO FIJO DE DESCRIPCIÓN FÍSICA--INFORMACIÓN GENERAL |
| campo de control de longitud fija |
ta |
| 008 - DATOS DE LONGITUD FIJA--INFORMACIÓN GENERAL |
| campo de control de longitud fija |
090626s2002 dr 000 0dspa d |
| 020 ## - NÚMERO INTERNACIONAL ESTÁNDAR DEL LIBRO |
| Número Internacional Estándar del Libro |
9993486604 |
| 040 ## - FUENTE DE LA CATALOGACIÓN |
| Centro catalogador/agencia de origen |
DO-SdBNP |
| Lengua de catalogación |
spa |
| Centro/agencia transcriptor |
BNPHU |
| Normas de descripción |
rda |
| 082 #4 - NÚMERO DE LA CLASIFICACIÓN DECIMAL DEWEY |
| Número de clasificación |
RD868.44 |
| Número de documento/Ítem |
B742j |
| Número de edición |
22 |
| 245 00 - MENCIÓN DE TÍTULO |
| Título |
Juan Bosch : |
| Resto del título |
aproximaciones a una vida ejemplar / |
| Mención de responsabilidad, etc. |
compilación, Diómedes Núñez Polanco ; Josefina Pimentel, Gisela Vargas Ortega. |
| 246 10 - FORMA VARIANTE DE TÍTULO |
| Título propio/Titulo breve |
Aproximaciones a una vida ejemplar |
| 264 #1 - PRODUCCIÓN, PUBLICACIÓN, DISTRIBUCIÓN, FABRICACIÓN Y COPYRIGHT |
| Producción, publicación, distribución, fabricación y copyright |
Santo Domingo : |
| Nombre del de productor, editor, distribuidor, fabricante |
Fundación Juan Bosch, |
| Fecha de producción, publicación, distribución, fabricación o copyright |
2002. |
| 300 ## - DESCRIPCIÓN FÍSICA |
| Extensión |
337 páginas ; |
| Dimensiones |
23 cm. |
| 336 ## - TIPO DE CONTENIDO |
| Fuente |
rdacontent |
| Término de tipo de contenido |
texto |
| Código de tipo de contenido |
txt |
| 337 ## - TIPO DE MEDIO |
| Fuente |
rdamedia |
| Nombre/término del tipo de medio |
sin mediación |
| Código del tipo de medio |
n |
| 338 ## - TIPO DE SOPORTE |
| Fuente |
rdacarrier |
| Nombre/término del tipo de soporte |
volumen |
| Código del tipo de soporte |
nc |
| 500 ## - NOTA GENERAL |
| Nota general |
Incluye índice. |
| 500 ## - NOTA GENERAL |
| Nota general |
"Ciclo de conferencias y actividades en ocasión del 92do aniversario de su nacimiento" -- En portada. |
| 505 0# - NOTA DE CONTENIDO CON FORMATO |
| Nota de contenido con formato |
I. Juan Bosch, literatura y cultura. -- Juan Bosch, el narrador / Pedro Pompeyo Rosario -- La sensibilidad cultural de Juan Bosch / Bruno Rosario Candelier / Trascendencia cultural de la figura de Juan Bosch / Natacha Sánchez -- Juan Bosch: crisis de la ficción y nuevo orden social / Rafael García Romero -- Juan Bosch, maestro de la literatura / Minou Tavárez Mirabal -- Juan Bosch: su contribución al quehacer cultural / Avelino Stanley -- Puesta en circulación de Cuentos más que completos de Juan Bosch, en Santo Domingo / Carmen Quidiello de Bosch -- Juan Bosch: maestro de la cuentística hispanoamericana / José Rafael Lantigua -- Puesta en circulación de Cuentos más que completos de Juan Bosch, en Santiago de los Caballeros / Monseñor Agripino Núñez Collado, Rafael Emilio Yunén -- El esplendor poético en los cuentos de Juan Bosch / Manuel Mora Serrano -- Puesta en circulación de Cuentos más completos de Juan Bosch, en San Pedro de Macorís / José E. Hazim Frappier, Natacha Sánchez -- Juan Bosch: precursor del cuento como género independiente en República Dominicana / Rafael Julián -- Puesta en circulación de Cuentos más que completos de Juan Bosch, en Azua de Compostela. Diálogos con los personajes de los cuentos de Juan Bosch / Manuel Matos Moquete. |
| 505 0# - NOTA DE CONTENIDO CON FORMATO |
| Nota de contenido con formato |
II. Juan Bosch y los valores éticos. -- La dimensión social y humanística en Juan Bosch / Daniel Beltré López -- La dimensión ética en el pensamiento político de Juan Bosch / Alejandrina Germán -- Valores educativos, culturales y democráticos en Juan Bosch / Luis de León -- El mundo de los valores en Juan Bosch / Lidio Cadet -- Juan Bosch y los valores. Apuntes sobre la concepción ético-humanística en la vida y la obra de Juan Bosch / Justo Pedro Castellanos. |
| 505 0# - NOTA DE CONTENIDO CON FORMATO |
| Nota de contenido con formato |
III. Juan Bosch y la democracia. -- El PLD y el pensamiento de Juan Bosch en Cuento de Navidad / Franklin Almeyda Rancier -- Las bases del desarrollo económico en el Gobierno de Juan Bosch / Félix Jiménez -- La idea del Estado y la Democracia en el Profesor Juan Bosch / Jaime David Fernández Mirabal -- Juan Bosch: ilusión de una Cuarta República / Ramón Andrés Blanco Fernández -- Trascendencia sociocultural y política de la obra de Juan Bosch / Ana Silvia Reynoso de Abud, Diómedes Núñez Polanco, Julián Serulle -- Juan Bosch, pedagogo de la democracia / Melanio A. Paredes -- Juan Bosch a sus noventa y dos años / Leonel Fernández Reyna -- Aportes de Juan Bosch al estado democrático y la vida cultural / César Pina Toribio -- Las libertades públicas en la obra política y social de Juan Bosch / Rafael Alburquerque. |
| 505 0# - NOTA DE CONTENIDO CON FORMATO |
| Nota de contenido con formato |
Epílogo. -- En memoria de Juan Bosch / Diómedes Núñez Polanco. |
| 590 ## - NOTA LOCAL (RLIN) |
| Nota local |
Inventariado, 2019/MFF |
| 600 10 - PUNTO DE ACCESO ADICIONAL DE MATERIA--NOMBRE DE PERSONA |
| Nombre de persona |
Bosch, Juan, |
| Fechas asociadas al nombre |
1909-2001 |
| 9 (RLIN) |
76555 |
| 650 #4 - PUNTO DE ACCESO ADICIONAL DE MATERIA--TÉRMINO DE MATERIA |
| Término de materia o nombre geográfico como elemento de entrada |
Democracia |
| Subdivisión geográfica |
República Dominicana |
| Subdivisión general |
Historia |
| 9 (RLIN) |
5743 |
| 650 #4 - PUNTO DE ACCESO ADICIONAL DE MATERIA--TÉRMINO DE MATERIA |
| Término de materia o nombre geográfico como elemento de entrada |
Literatura dominicana. |
| 9 (RLIN) |
67 |
| 700 1# - PUNTO DE ACCESO ADICIONAL--NOMBRE DE PERSONA |
| Nombre de persona |
Núñez Polanco, Diómedes |
| Término indicativo de función/relación |
compilador |
| 9 (RLIN) |
87407 |
| 700 1# - PUNTO DE ACCESO ADICIONAL--NOMBRE DE PERSONA |
| Nombre de persona |
Pimentel, Josefina |
| Término indicativo de función/relación |
complilador |
| 9 (RLIN) |
5745 |
| 700 1# - PUNTO DE ACCESO ADICIONAL--NOMBRE DE PERSONA |
| Nombre de persona |
Vargas Ortega, Gisela |
| Término indicativo de función/relación |
compilador |
| 9 (RLIN) |
5746 |
| 710 2# - PUNTO DE ACCESO ADICIONAL--NOMBRE DE ENTIDAD CORPORATIVA |
| Nombre de entidad corporativa o nombre de jurisdicción como elemento de entrada |
Fundación Juan Bosch |
| 9 (RLIN) |
84953 |
| 910 ## - DATOS DE OPCIÓN DEL USUARIO (OCLC) |
| Datos de opción del usuario |
Validado. Control de calidad MMOLINA |
| 942 ## - ELEMENTOS DE PUNTO DE ACCESO ADICIONAL (KOHA) |
| Fuente del sistema de clasificación o colocación |
Dewey Decimal Classification |
| Tipo de ítem Koha |
Libro |
| 956 ## - LOCALIZACIÓN Y ACCESO ELECTRÓNICOS LOCAL (OCLC) |
| Nombre del host |
VMateo |